000 00576nam a2200193Ia 4500
003 GCL
008 140319s9999 xx 000 0 ara d
040 _aGCL /
_cGCL
082 0 4 _a415.1
_bا ف
100 1 _aاحمد موسى الخطيب
245 1 0 _aفى قواعد اللغة العربية /
_cاحمد موسى الخطيب
700 1 _aاحمد شمس الدين الحجاجى
700 1 _aمتولى محمد الباسطى
300 _a134 ص
490 _a
650 0 4 _aالنحو
650 0 4 _aاللغة العربية - قواعد
942 _2ddc
_cBK
999 _c44830
_d44830